000 00453nam a2200193Ia 4500
005 20250423101127.0
008 250422s9999 xx 000 0 und d
020 _a0-07-463078-4
050 _aQA 372 .D46/
100 _aDeo, S. G.
245 0 _aTextbook of ordinary differential equations
250 _a2nd ed.
260 _aNew Delhi
260 _bTata McGraw-Hill
260 _c1997
300 _a303 p
650 _aEquation
942 _cBK
999 _c35371
_d35371